000
00275nam a22001217a 4500
008
170630b xxu||||| |||| 00| 0 eng d
041
_a
eng
080
_a
030
100
_a
22
101
_a
GJL
245
_a
GREAT BOOKS OF THE WESTERN WORLD
_c
HUTCHINS, R.M
942
_2
udc
_c
BK
999
_c
19786
_d
19786